000 00307nam a2200121Ia 4500
005 20251222143114.0
008 251222s9999||||xx |||||||||||||| ||spa||
082 _a249.77/J55
100 _aJiménez Urresti, Teodoro I.
245 0 _aEl presbĂ­tero en los padres conciliares:
264 _bPPC
942 _cLIB
999 _c11282
_d11282